[Event "85th ch-UKR 2016"]
[Site "Rivne UKR"]
[Date "2016.12.14"]
[Round "8.5"]
[White "Oleksiyenko, Mykhaylo"]
[Black "Kravtsiv, Martyn"]
[Result "1-0"]
[WhiteTitle "GM"]
[BlackTitle "GM"]
[WhiteElo "2615"]
[BlackElo "2645"]
[WhiteFideId "4152417"]
[BlackFideId "14113147"]
[EventDate "2016.12.06"]

1. e4 e5 2. Nf3 Nc6 3. Bb5 a6 4. Bxc6 dxc6 5. O-O Bd6 6. d4 exd4 7. Qxd4 f6 8.
Nbd2 Be6 9. b3 Ne7 10. Nc4 c5 11. Qc3 Nc6 12. Nxd6+ cxd6 13. Bf4 Qe7 14. Rad1
Rd8 15. Rd2 O-O 16. Rfd1 Ne5 17. h3 Nf7 18. Nh2 Qc7 19. Nf1 Qc6 20. Ng3 Rd7 21.
Qf3 Ne5 22. Bxe5 dxe5 23. Rxd7 Bxd7 24. Qd3 Be6 25. c4 b5 26. Nf5 bxc4 27. Qxc4
Re8 28. Qe2 g6 29. Ne3 Qxe4 30. Qxa6 Qa8 31. Qb5 Kf7 32. Nc4 Kg7 33. Nd6 Rf8 34.
Qxc5 Qxa2 35. b4 Qb3 36. Ra1 Rd8 37. Nf5+ Kh8 38. Qe7 1-0

[Event "85th ch-UKR 2016"]
[Site "Rivne UKR"]
[Date "2016.12.14"]
[Round "8.6"]
[White "Solovchuk, Alexey"]
[Black "Efimenko, Zahar"]
[Result "0-1"]
[BlackTitle "GM"]
[WhiteElo "2409"]
[BlackElo "2651"]
[WhiteFideId "14115220"]
[BlackFideId "14107201"]
[EventDate "2016.12.06"]

1. c4 Nf6 2. g3 e6 3. Bg2 d5 4. cxd5 exd5 5. Nf3 Be7 6. O-O O-O 7. d4 c6 8. Nc3
Nbd7 9. Qc2 Re8 10. Rd1 Nb6 11. b3 g6 12. Bf4 Bf5 13. Qb2 Ne4 14. Ne5 Ba3 15.
Qxa3 Nxc3 16. Qb2 Nxd1 17. Rxd1 Nd7 18. Nd3 Qe7 19. Bf1 Nf8 20. Bc1 Ne6 21. f3
Bxd3 22. Rxd3 Qf6 23. Qd2 Rad8 24. b4 Ng7 25. g4 Ne6 26. g5 Qe7 27. e4 b6 28. h4
c5 0-1

[Event "85th ch-UKR 2016"]
[Site "Rivne UKR"]
[Date "2016.12.15"]
[Round "9.1"]
[White "Efimenko, Zahar"]
[Black "Korobov, Anton"]
[Result "1-0"]
[WhiteTitle "GM"]
[BlackTitle "GM"]
[WhiteElo "2651"]
[BlackElo "2692"]
[WhiteFideId "14107201"]
[BlackFideId "14105730"]
[EventDate "2016.12.06"]

1. Nf3 c5 2. c4 Nc6 3. d4 cxd4 4. Nxd4 Nf6 5. Nc3 g6 6. e4 d6 7. f3 Bg7 8. Be3
O-O 9. Be2 Nxd4 10. Bxd4 Be6 11. O-O Qa5 12. Rc1 Rfc8 13. b3 a6 14. f4 b5 15. f5
Bd7 16. Bxf6 Bxf6 17. Nd5 Bg5 18. Rc3 e6 19. Rg3 Bh4 20. Rg4 Bd8 21. fxg6 hxg6
22. Qd4 Be8 23. b4 Qa3 24. Rg3 Qxg3 25. hxg3 exd5 26. Qxd5 Rab8 27. Qxd6 bxc4
28. Bxc4 Rb6 29. Qe5 Kf8 30. Bxf7 1-0

[Event "85th ch-UKR 2016"]
[Site "Rivne UKR"]
[Date "2016.12.15"]
[Round "9.2"]
[White "Kravtsiv, Martyn"]
[Black "Solovchuk, Alexey"]
[Result "1-0"]
[WhiteTitle "GM"]
[WhiteElo "2645"]
[BlackElo "2409"]
[WhiteFideId "14113147"]
[BlackFideId "14115220"]
[EventDate "2016.12.06"]

1. e4 c5 2. Nf3 d6 3. d4 cxd4 4. Nxd4 Nf6 5. Nc3 a6 6. Be2 e5 7. Nb3 Be7 8. Bg5
Nxe4 9. Nxe4 Bxg5 10. Nxd6+ Ke7 11. Nxc8+ Qxc8 12. Qd5 Bf6 13. Bc4 Rf8 14. O-O-O
Qc7 15. Nd4 g6 16. Ne6 1-0

[Event "85th ch-UKR 2016"]
[Site "Rivne UKR"]
[Date "2016.12.15"]
[Round "9.3"]
[White "Volokitin, Andrei"]
[Black "Oleksiyenko, Mykhaylo"]
[Result "0-1"]
[WhiteTitle "GM"]
[BlackTitle "GM"]
[WhiteElo "2649"]
[BlackElo "2615"]
[WhiteFideId "14107090"]
[BlackFideId "4152417"]
[EventDate "2016.12.06"]

1. e4 c5 2. Nf3 Nc6 3. d4 cxd4 4. Nxd4 Nf6 5. Nc3 e5 6. Ndb5 d6 7. Bg5 a6 8. Na3
b5 9. Bxf6 gxf6 10. Nd5 f5 11. Bd3 Be6 12. c3 Bg7 13. Qh5 O-O 14. exf5 Bxd5 15.
f6 e4 16. fxg7 Re8 17. Be2 Ne5 18. O-O Qf6 19. Rfd1 Nd3 20. Bxd3 Re5 21. Qh3
exd3 22. Rxd3 Rae8 23. Nc2 Re2 24. Qg3 Be4 25. Ne1 Bxd3 26. Nxd3 Qg6 27. Rd1
Qxg3 28. hxg3 Kxg7 29. Kf1 Kf8 30. g4 a5 31. g3 a4 32. a3 Rc2 33. Kg2 Ree2 34.
Kf3 Red2 35. Rxd2 Rxd2 36. Ke3 Rc2 37. Ke4 h6 38. Ke3 Ke7 39. Ke4 Ke6 40. Ke3
Kf6 41. Kf4 Kg6 42. Ke3 Kg5 43. f3 d5 44. Ne5 Rxb2 45. Nxf7+ Kf6 46. Nxh6 Rb3
47. Kd2 d4 48. Nf5 dxc3+ 49. Kc2 Rxa3 50. Ne3 Ra2+ 51. Kd3 Ke6 52. Nc2 Rxc2 53.
Kxc2 b4 54. g5 Kf5 55. f4 Kg6 56. g4 Kf7 57. f5 Kg7 58. g6 Kf6 59. g5+ Kg7 0-1

[Event "85th ch-UKR 2016"]
[Site "Rivne UKR"]
[Date "2016.12.15"]
[Round "9.4"]
[White "Bakhmatsky, Vladislav"]
[Black "Areshchenko, Alexander"]
[Result "1-0"]
[BlackTitle "GM"]
[WhiteElo "2446"]
[BlackElo "2678"]
[WhiteFideId "14124890"]
[BlackFideId "14109530"]
[EventDate "2016.12.06"]

1. e4 c5 2. Nf3 Nc6 3. d4 cxd4 4. Nxd4 e6 5. Nc3 d6 6. Be2 Nf6 7. O-O Be7 8. Be3
O-O 9. f4 Bd7 10. Ndb5 Qb8 11. a4 b6 12. Bf3 Rd8 13. Qe1 a6 14. Na3 Be8 15. e5
dxe5 16. fxe5 Nd5 17. Nxd5 exd5 18. Rd1 Nxe5 19. Bxd5 Ra7 20. Bf4 Bd6 21. Be4 f6
22. Kh1 Re7 23. Qg3 Bc7 24. Nb1 Rxd1 25. Rxd1 Bh5 26. Rf1 g5 27. Nc3 Kh8 28. Nd5
Rg7 29. Bc1 Ng4 30. Nxc7 Qxc7 31. Qxc7 Rxc7 32. h3 Ne5 33. Rxf6 Rc4 34. Bf5 Kg7
35. Rxb6 h6 36. b3 Rc5 37. Bb2 Kf7 1-0

[Event "85th ch-UKR 2016"]
[Site "Rivne UKR"]
[Date "2016.12.15"]
[Round "9.5"]
[White "Shtembuliak, Evgeny"]
[Black "Kovchan, Alexander"]
[Result "1/2-1/2"]
[WhiteTitle "IM"]
[BlackTitle "GM"]
[WhiteElo "2478"]
[BlackElo "2585"]
[WhiteFideId "14113325"]
[BlackFideId "14103052"]
[EventDate "2016.12.06"]

1. Nf3 c5 2. c4 Nc6 3. Nc3 g6 4. e3 Nf6 5. d4 cxd4 6. exd4 d5 7. cxd5 Nxd5 8.
Qb3 e6 9. Bb5 Bg7 10. Bg5 Qb6 11. Qa3 f6 12. Nxd5 exd5 13. Bxc6+ bxc6 14. O-O
Kf7 15. Rfe1 Bf8 16. Qe3 fxg5 17. Qe8+ Kg7 18. Re7+ Bxe7 19. Qxe7+ Kg8 20. Qe8+
Kg7 21. Qe5+ Kg8 22. Qe8+ 1/2-1/2

[Event "85th ch-UKR 2016"]
[Site "Rivne UKR"]
[Date "2016.12.15"]
[Round "9.6"]
[White "Moiseenko, Alexander"]
[Black "Kuzubov, Yuriy"]
[Result "1-0"]
[WhiteTitle "GM"]
[BlackTitle "GM"]
[WhiteElo "2657"]
[BlackElo "2651"]
[WhiteFideId "14102560"]
[BlackFideId "14112906"]
[EventDate "2016.12.06"]

1. d4 Nf6 2. c4 e6 3. Nf3 d5 4. Nc3 Nbd7 5. cxd5 exd5 6. Bg5 Be7 7. e3 O-O 8.
Qc2 Re8 9. Bd3 Nf8 10. O-O Bg4 11. Ne5 Be6 12. Qb3 Qc8 13. f4 c5 14. Qd1 Ng4 15.
Bxe7 Rxe7 16. Qf3 cxd4 17. exd4 Nxe5 18. dxe5 d4 19. Nb5 Qc5 20. Nd6 Bd5 21. Qg3
Rd7 22. f5 Rad8 23. f6 g6 24. Qh4 Ne6 25. Qh6 Bc6 26. Rae1 Kh8 27. Rf4 Qa5 28.
Re2 1-0

[Event "85th ch-UKR 2016"]
[Site "Rivne UKR"]
[Date "2016.12.16"]
[Round "10.1"]
[White "Korobov, Anton"]
[Black "Kuzubov, Yuriy"]
[Result "1/2-1/2"]
[WhiteTitle "GM"]
[BlackTitle "GM"]
[WhiteElo "2692"]
[BlackElo "2651"]
[WhiteFideId "14105730"]
[BlackFideId "14112906"]
[EventDate "2016.12.06"]

1. d4 Nf6 2. c4 e6 3. Nc3 d5 4. Bg5 Nbd7 5. e3 Be7 6. Nf3 h6 7. Bf4 O-O 8. c5
Nh5 9. Bd3 Nxf4 10. exf4 c6 11. O-O b6 12. b4 a5 13. a3 Qc7 14. g3 Ba6 15. Bxa6
Rxa6 16. Qe2 Rfa8 17. b5 cxb5 18. c6 Qxc6 19. Nxb5 Rc8 20. Nd6 Rca8 21. Nb5 Rc8
22. Nd6 Rca8 1/2-1/2

[Event "85th ch-UKR 2016"]
[Site "Rivne UKR"]
[Date "2016.12.16"]
[Round "10.2"]
[White "Kovchan, Alexander"]
[Black "Moiseenko, Alexander"]
[Result "1/2-1/2"]
[WhiteTitle "GM"]
[BlackTitle "GM"]
[WhiteElo "2585"]
[BlackElo "2657"]
[WhiteFideId "14103052"]
[BlackFideId "14102560"]
[EventDate "2016.12.06"]

1. c4 e5 2. Nc3 Bb4 3. Nd5 a5 4. g3 Nf6 5. Nxb4 axb4 6. Bg2 O-O 7. d3 c5 8. Nf3
Nc6 9. O-O d6 10. h3 h6 11. b3 Be6 12. Bb2 Qc7 13. e3 Ra6 14. d4 Bf5 15. Nh4 Bh7
16. d5 Ne7 17. f4 Rfa8 18. g4 Nd7 19. Qf3 f6 20. g5 hxg5 21. fxg5 Rxa2 22. Qg3
Rxa1 23. Bxa1 fxg5 24. Qxg5 Qd8 25. Qg4 Nf8 26. Bb2 Qe8 27. e4 Bg6 28. Bc1 Bh5
29. Qg3 Kh8 30. Bg5 Nh7 31. Kh1 Qd7 32. Bxe7 Qxe7 33. Bf3 Bxf3+ 34. Rxf3 Qg5 35.
Nf5 Ra1+ 36. Kh2 Ra2+ 37. Rf2 Qxg3+ 38. Kxg3 Ra6 39. Kh4 Nf6 40. Rg2 Ra3 41.
Rxg7 Rxb3 42. Rxb7 Nxe4 43. Kh5 Rb1 44. Nh4 Kg8 45. Ng6 Ng3+ 46. Kh6 Nf5+ 47.
Kg5 Rf1 48. h4 e4 49. h5 e3 50. h6 Nxh6 51. Kxh6 Rh1+ 52. Kg5 e2 53. Rb8+ Kf7
54. Rb7+ Kg8 55. Rb8+ Kf7 56. Rb7+ Kg8 57. Rb8+ 1/2-1/2

[Event "85th ch-UKR 2016"]
[Site "Rivne UKR"]
[Date "2016.12.16"]
[Round "10.3"]
[White "Areshchenko, Alexander"]
[Black "Shtembuliak, Evgeny"]
[Result "1-0"]
[WhiteTitle "GM"]
[BlackTitle "IM"]
[WhiteElo "2678"]
[BlackElo "2478"]
[WhiteFideId "14109530"]
[BlackFideId "14113325"]
[EventDate "2016.12.06"]

1. e4 e6 2. d4 d5 3. Nc3 Nc6 4. Nf3 Nf6 5. e5 Ne4 6. Bd3 Bb4 7. Bd2 Nxd2 8. Qxd2
f6 9. a3 Bxc3 10. Qxc3 fxe5 11. dxe5 Bd7 12. b4 O-O 13. b5 Ne7 14. Rb1 h6 15.
O-O Rc8 16. Qd4 c5 17. bxc6 Nxc6 18. Qg4 b6 19. Rfe1 Qe8 20. Nh4 Ne7 21. f4 Qf7
22. Rf1 Nf5 23. Rbe1 Rc3 24. Nxf5 exf5 25. Qe2 Be6 26. a4 Ra3 27. Ra1 Qe7 28. h3
Qb4 29. Rxa3 Qxa3 30. Bb5 Rc8 31. Kh2 Qb4 32. Qh5 Qe7 33. Bd3 Qf7 34. Qh4 Qd7
35. Ra1 d4 36. a5 b5 37. Rd1 a6 38. Qf2 Rd8 39. Be2 Qd5 40. c3 Qa2 41. cxd4 Rc8
42. d5 Bxd5 43. Qd4 Be4 44. Qd7 Qxe2 45. Qxc8+ Kh7 46. Rg1 Qf2 47. Qc1 b4 48. e6
h5 49. e7 h4 50. Qe1 Qxf4+ 51. Kh1 Qb8 52. Qxh4+ Kg6 53. Rd1 Qb5 54. e8=Q+ Qxe8
55. Rd6+ Kf7 56. Qh5+ Kf8 57. Qxe8+ Kxe8 58. Rxa6 b3 59. Rb6 Bd5 60. a6 Kd7 61.
a7 1-0

[Event "85th ch-UKR 2016"]
[Site "Rivne UKR"]
[Date "2016.12.16"]
[Round "10.4"]
[White "Oleksiyenko, Mykhaylo"]
[Black "Bakhmatsky, Vladislav"]
[Result "1-0"]
[WhiteTitle "GM"]
[WhiteElo "2615"]
[BlackElo "2446"]
[WhiteFideId "4152417"]
[BlackFideId "14124890"]
[EventDate "2016.12.06"]

1. e4 c5 2. Nf3 d6 3. d4 cxd4 4. Nxd4 Nf6 5. Nc3 a6 6. Be2 e5 7. Nb3 Be7 8. Bg5
Be6 9. Bxf6 Bxf6 10. Qd3 Nc6 11. O-O-O Qb6 12. Nd5 Bxd5 13. exd5 Nd4 14. Nxd4
exd4 15. Qe4+ Kd8 16. Bd3 Kc7 17. Rde1 h5 18. g3 Qa5 19. Kb1 Qa4 20. Qf4 Rae8
21. c4 Rxe1+ 22. Rxe1 Re8 23. Rxe8 Qxe8 24. c5 Qe5 25. Qxe5 Bxe5 26. b4 a5 27.
bxa5 dxc5 28. f4 Bf6 29. Kc2 Kd6 30. a6 bxa6 31. Bxa6 h4 32. Kd3 hxg3 33. hxg3
g5 34. fxg5 Bxg5 35. Ke4 Bd8 36. g4 f6 37. Bc4 Ba5 38. a4 Bc7 39. Kd3 Ba5 40.
Bb3 Bb4 41. Kc4 Be1 42. Bc2 Bd2 43. Be4 Bc3 44. Kb5 d3 45. Bxd3 Kxd5 46. a5 Kd6
47. a6 Kd5 1-0

[Event "85th ch-UKR 2016"]
[Site "Rivne UKR"]
[Date "2016.12.16"]
[Round "10.5"]
[White "Solovchuk, Alexey"]
[Black "Volokitin, Andrei"]
[Result "0-1"]
[BlackTitle "GM"]
[WhiteElo "2409"]
[BlackElo "2649"]
[WhiteFideId "14115220"]
[BlackFideId "14107090"]
[EventDate "2016.12.06"]

1. d4 Nf6 2. Nf3 g6 3. g3 Bg7 4. Bg2 O-O 5. O-O d6 6. c4 c6 7. Nc3 Bf5 8. Ne1
Be6 9. d5 cxd5 10. cxd5 Bd7 11. h3 a5 12. Nd3 a4 13. a3 Qa5 14. Be3 Rc8 15. Rc1
Na6 16. Qd2 Bf5 17. Bg5 Bxd3 18. Qxd3 Nc5 19. Qe3 Rc7 20. Rcd1 Qb6 21. Rd2 Nfd7
22. h4 Nb3 23. Rd3 Nbc5 24. Rd2 Ne5 25. Rc2 h6 26. Bf4 Nc4 27. Qc1 Nb3 28. Qb1
Nd4 0-1

[Event "85th ch-UKR 2016"]
[Site "Rivne UKR"]
[Date "2016.12.16"]
[Round "10.6"]
[White "Efimenko, Zahar"]
[Black "Kravtsiv, Martyn"]
[Result "1/2-1/2"]
[WhiteTitle "GM"]
[BlackTitle "GM"]
[WhiteElo "2651"]
[BlackElo "2645"]
[WhiteFideId "14107201"]
[BlackFideId "14113147"]
[EventDate "2016.12.06"]

1. Nf3 Nf6 2. g3 e6 3. Bg2 d5 4. O-O Be7 5. c4 O-O 6. b3 d4 7. e3 c5 8. exd4
cxd4 9. d3 Nc6 10. Re1 Bb4 11. Bd2 Bd6 12. a3 a5 13. Bg5 h6 14. Bxf6 Qxf6 15.
Nbd2 Qe7 16. Qc1 e5 17. Ne4 Bc7 18. c5 Be6 19. Rb1 Na7 20. b4 axb4 21. axb4 Nb5
22. Ra1 Bd5 23. Nfd2 Rxa1 24. Qxa1 Qe6 25. Qa4 Bc6 26. Qb3 Qxb3 27. Nxb3 Ra8 28.
Ra1 Rxa1+ 29. Nxa1 f5 30. Nd2 Kf7 31. Nc2 Ke6 32. h3 Nc3 33. Bxc6 bxc6 34. f4
Ne2+ 35. Kf2 Nc1 36. fxe5 Bxe5 37. Ne1 h5 38. Ndf3 Bf6 39. Kf1 g5 40. Ng1 Be5
41. Ngf3 Bf6 42. Ng1 Na2 43. Nc2 Kd5 44. Ne2 Nc3 45. Nc1 Be5 46. Kg2 g4 47. Ne1
Nd1 48. hxg4 Ne3+ 49. Kf2 fxg4 50. Ne2 Ke6 51. Ng2 Nc2 52. Ngf4+ Kf5 53. Nxh5
Nxb4 54. Nhf4 Na6 55. Ke1 Nxc5 56. Kd2 Nb7 57. Ng2 Nd6 58. Ke1 Kf6 59. Kf2 Nf5
60. Ne1 Ke6 61. Nc2 Kd5 62. Na1 Kc5 63. Nb3+ Kd5 64. Nd2 Nd6 65. Nc1 c5 66. Ncb3
c4 67. dxc4+ Nxc4 68. Nf1 Bd6 69. Ke2 Ne5 70. Nc1 Ke4 71. Nd2+ Kd5 72. Nf1 Kc4
73. Nd2+ Kc3 74. Kd1 Be7 75. Ne2+ Kd3 76. Nf4+ Ke3 77. Nd5+ Kf2 78. Nxe7 Kxg3
79. Nf5+ Kf4 80. Nxd4 g3 1/2-1/2

[Event "85th ch-UKR 2016"]
[Site "Rivne UKR"]
[Date "2016.12.17"]
[Round "11.1"]
[White "Kravtsiv, Martyn"]
[Black "Korobov, Anton"]
[Result "1/2-1/2"]
[WhiteTitle "GM"]
[BlackTitle "GM"]
[WhiteElo "2645"]
[BlackElo "2692"]
[WhiteFideId "14113147"]
[BlackFideId "14105730"]
[EventDate "2016.12.06"]

1. e4 c5 2. Nf3 Nc6 3. d4 cxd4 4. Nxd4 Qb6 5. Nb3 Nf6 6. Nc3 e6 7. Be3 Qc7 8. f4
d6 9. Qf3 a6 10. O-O-O b5 11. g4 Bb7 12. g5 Nd7 13. Kb1 g6 14. Bf2 Rc8 15. a3
Nc5 16. Bxb5 axb5 17. Nxb5 Qb8 18. Nxd6+ Bxd6 19. Nxc5 Rd8 20. Nxb7 Qxb7 21. Rd3
O-O 22. h4 Na5 1/2-1/2

[Event "85th ch-UKR 2016"]
[Site "Rivne UKR"]
[Date "2016.12.17"]
[Round "11.2"]
[White "Volokitin, Andrei"]
[Black "Efimenko, Zahar"]
[Result "1/2-1/2"]
[WhiteTitle "GM"]
[BlackTitle "GM"]
[WhiteElo "2649"]
[BlackElo "2651"]
[WhiteFideId "14107090"]
[BlackFideId "14107201"]
[EventDate "2016.12.06"]

1. e4 e5 2. Nf3 Nc6 3. Bb5 a6 4. Ba4 Nf6 5. O-O b5 6. Bb3 Bb7 7. Re1 Bc5 8. c3
d6 9. d4 Bb6 10. Be3 O-O 11. Nbd2 exd4 12. cxd4 Nb4 13. Qb1 c5 14. a3 Nc6 15. d5
Ne7 16. h3 Ng6 17. Bc2 Re8 18. b4 c4 19. Qb2 Bc8 20. a4 Bxe3 21. Rxe3 Bd7 22.
Rea3 Rc8 23. axb5 axb5 24. Qd4 Nh5 25. Nf1 Nhf4 26. Ng3 Nh4 27. Nxh4 Qxh4 28.
Kf1 h5 29. Rf3 Ra8 30. Ra7 Rxa7 31. Qxa7 Bxh3 32. gxh3 Qxh3+ 33. Ke1 Qg4 34. Qa3
h4 35. Nf1 Nd3+ 36. Rxd3 cxd3 37. Qxd3 Ra8 38. Ne3 Qg1+ 39. Qf1 Qg5 40. Qh3 g6
41. Bd3 Ra1+ 42. Ke2 Kg7 43. Bxb5 Ra2+ 44. Kf1 Ra1+ 45. Ke2 Ra2+ 46. Kf1 Ra1+ 1/2-1/2

[Event "85th ch-UKR 2016"]
[Site "Rivne UKR"]
[Date "2016.12.17"]
[Round "11.3"]
[White "Bakhmatsky, Vladislav"]
[Black "Solovchuk, Alexey"]
[Result "1/2-1/2"]
[WhiteElo "2446"]
[BlackElo "2409"]
[WhiteFideId "14124890"]
[BlackFideId "14115220"]
[EventDate "2016.12.06"]

1. e4 c5 2. Nf3 d6 3. d4 cxd4 4. Nxd4 Nf6 5. Nc3 a6 6. Be2 e5 7. Nb3 Nbd7 8. a4
b6 9. f4 Bb7 10. Bf3 Qc7 11. Be3 Be7 12. f5 Rc8 13. Qd3 Qb8 14. O-O-O O-O 15.
Rhe1 Qa8 16. Bd2 b5 17. axb5 axb5 18. Nb1 Nc5 19. Nxc5 dxc5 20. g4 Rfd8 21. Qxb5
Nxe4 22. Be3 Rd4 23. Qf1 Ra4 24. Rd7 Bh4 25. Red1 Bc6 26. Qh3 Bf6 27. g5 Bxd7
28. gxf6 Rc7 29. Rg1 g6 30. Qh6 Qf8 31. Qxf8+ Kxf8 32. b3 Rb4 33. c3 Rxb3 34.
Bxe4 Bxf5 35. Bxf5 gxf5 36. Rd1 Ke8 37. Rd5 Rcb7 38. Rxe5+ Kd8 39. Nd2 Rxc3+ 40.
Kd1 c4 41. Ke2 Rc2 42. Kd1 Rc3 43. Ke2 Rd7 44. Rc5 Rc2 1/2-1/2

[Event "85th ch-UKR 2016"]
[Site "Rivne UKR"]
[Date "2016.12.17"]
[Round "11.5"]
[White "Moiseenko, Alexander"]
[Black "Areshchenko, Alexander"]
[Result "1/2-1/2"]
[WhiteTitle "GM"]
[BlackTitle "GM"]
[WhiteElo "2657"]
[BlackElo "2678"]
[WhiteFideId "14102560"]
[BlackFideId "14109530"]
[EventDate "2016.12.06"]

1. d4 Nf6 2. c4 g6 3. Nc3 d5 4. Bf4 Bg7 5. e3 c5 6. dxc5 Qa5 7. Rc1 dxc4 8. Bxc4
O-O 9. Nf3 Qxc5 10. Bb3 Nc6 11. O-O Qa5 12. h3 Bf5 13. Qe2 Ne4 14. Nd5 e5 15.
Bh2 Be6 16. Rfd1 Rfd8 17. Qc4 Nf6 18. e4 Rac8 19. Ng5 Nd4 20. Ne7+ Kf8 21. Nxe6+
Kxe7 22. Nxd8 Rxc4 23. Bxc4 Nxe4 24. Nxf7 Qb6 25. Nxe5 Bxe5 26. Bxe5 Nf3+ 27.
gxf3 Qxf2+ 1/2-1/2

[Event "85th ch-UKR 2016"]
[Site "Rivne UKR"]
[Date "2016.12.17"]
[Round "11.6"]
[White "Kuzubov, Yuriy"]
[Black "Kovchan, Alexander"]
[Result "1-0"]
[WhiteTitle "GM"]
[BlackTitle "GM"]
[WhiteElo "2651"]
[BlackElo "2585"]
[WhiteFideId "14112906"]
[BlackFideId "14103052"]
[EventDate "2016.12.06"]

1. d4 Nf6 2. Nf3 g6 3. c4 Bg7 4. e3 c5 5. d5 d6 6. Nc3 O-O 7. Be2 Na6 8. O-O Nc7
9. e4 Bg4 10. Bf4 Nd7 11. Re1 a6 12. a4 Rb8 13. a5 b5 14. axb6 Rxb6 15. Qc2 Bxf3
16. Bxf3 Ne5 17. Be2 e6 18. b3 f5 19. exf5 exf5 20. Rab1 Qh4 21. g3 Qf6 22. Na4
Rbb8 23. Qc1 Rbe8 24. Kg2 a5 25. Qd2 Na6 26. Bg5 Qf7 27. Nc3 Qd7 28. Nb5 Nb4 29.
h4 Nf7 30. Be3 Re7 31. Bf1 Rfe8 32. Bf4 Bf6 33. Kg1 Kg7 34. Rxe7 Qxe7 35. Qe3
Qd8 36. Qd2 Qe7 37. Qe3 Qd8 38. Qf3 Ne5 39. Qd1 Nf7 40. Bd2 Ne5 41. Bc3 h5 42.
Ra1 f4 43. gxf4 Ng4 44. Qf3 Bxc3 45. Qxc3+ Kh7 46. Qg3 Nc2 47. Rc1 Nce3 48. Bd3
Qf6 49. Nc7 Re7 50. Ne6 Nf5 51. Bxf5 Qxf5 52. Re1 Kg8 53. Qc3 Nf6 54. Re3 Ra7
55. Kg2 Ng4 56. Re1 Nf6 57. Re3 Ng4 58. Rg3 Qe4+ 59. Rf3 Qf5 60. Qe1 a4 61. bxa4
Rxa4 62. Ng5 Ra7 63. Qe8+ Kg7 64. Qb8 Rd7 65. Ne6+ Kh6 66. Qh8+ Rh7 67. Qd8 Qf6
68. Qxd6 Re7 69. f5 gxf5 70. Qf4+ Kg6 71. Rb3 Qxh4 72. Rb6 Qf6 73. Nf8+ 1-0